00686nam a2200205Ia 4500008004100000020001800041022001500059040001300074082001400087245012100101260005700222300003100279500004000310650002900350650003300379650001900412700001800431700001600449700001500465191130s2001##################000#0#eng## a9780792374763 a2001038473 aACLcACL a338.9 KUP aCoordination and growth : essays in honour of Simon K. Kuiperscedited by Gerard H. Kuper, Elmer Sterken, Els Wester aDordrecht ; BostonbKluwer Academic Publishersc2001 axiv, 278 p. : ill. ; 24 cm aIncludes bibliographical references aEconomists - Netherlands aKuipers, S. K. (Simon Klaas) aMacroeconomics aKuipers, S. K aKuper, G. H aSterken, E